[Event "Queima das Fitas op"]
[Site "Coimbra"]
[Date "2022.04.25"]
[Round "7"]
[White "Medeiros, Thauane Ferreira"]
[Black "Oliveira, Sancho"]
[Result "1-0"]
[WhiteElo "1877"]
[BlackElo "2244"]
[PlyCount "105"]
[EventDate "2022.04.23"]
[EventType "swiss"]
[EventRounds "7"]
[EventCountry "POR"]
[SourceTitle "EXT 2023"]
[Source "ChessBase"]
[SourceDate "2022.10.05"]
[SourceVersion "1"]
[SourceVersionDate "2022.10.05"]
[SourceQuality "1"]

1. d4 d5 2. Bf4 Nf6 3. e3 e6 4. Bd3 Bd6 5. Bg3 0-0 6. Nd2 b6 7. Ngf3 Ba6 8. Bxa6 Nxa6 9. Ne5 c5 10. c3 Qc7 11. Qe2 Nb8 12. Rd1 Nc6 13. Nxc6 Qxc6 14. Bxd6 Qxd6 15. 0-0 Qc6 16. Nf3 c4 17. Ne5 Qb7 18. a3 a5 19. f3 b5 20. Rfe1 b4 21. axb4 axb4 22. e4 bxc3 23. bxc3 Qb3 24. exd5 exd5 25. Qe3 Ra3 26. Ra1 Rfa8 27. Rxa3 Qxa3 28. Nc6 h6 29. Nb4 Qb3 30. h3 Ra3 31. Nxd5 Nxd5 32. Qe8+ Kh7 33. Qe4+ g6 34. Qxd5 Ra7 35. Re8 Qb1+ 36. Kh2 Qf5 37. Qxf5 gxf5 38. Rc8 Ra4 39. Kg3 Kg6 40. Kf4 f6 41. g4 fxg4 42. hxg4 Kf7 43. Rc6 Ke7 44. Ke4 Kd7 45. Rxf6 Ra3 46. d5 Rxc3 47. Kd4 Rc1 48. Rc6 Rf1 49. Rf6 Rc1 50. Rxh6 c3 51. Rh2 c2 52. Kc5 Re1 53. Rxc2 1-0

[Event "Queima das Fitas op"]
[Site "Coimbra"]
[Date "2022.04.25"]
[Round "5"]
[White "Pacetti Terra, Nicolas"]
[Black "Oliveira, Sancho"]
[Result "1/2-1/2"]
[WhiteElo "1746"]
[BlackElo "2244"]
[PlyCount "75"]
[EventDate "2022.04.23"]
[EventType "swiss"]
[EventRounds "7"]
[EventCountry "POR"]
[SourceTitle "EXT 2023"]
[Source "ChessBase"]
[SourceDate "2022.10.05"]
[SourceVersion "1"]
[SourceVersionDate "2022.10.05"]
[SourceQuality "1"]

1. e4 c5 2. Nf3 d6 3. d4 cxd4 4. Nxd4 Nf6 5. Nc3 a6 6. Be2 e5 7. Nb3 Be7 8. 0-0 0-0 9. Re1 Be6 10. Bf3 Nbd7 11. a4 Rc8 12. a5 Qc7 13. Be3 Rfd8 14. Qd2 Nc5 15. Nc1 b5 16. axb6 Qxb6 17. Na4 Qc6 18. Nxc5 dxc5 19. Qa5 Ra8 20. Nd3 Nd7 21. Qc3 Rab8 22. Nxe5 Nxe5 23. Qxe5 c4 24. Red1 Rdc8 25. Qa5 Rxb2 26. e5 Qb5 27. Be4 Qxa5 28. Rxa5 Rb5 29. Rxa6 Rxe5 30. Bb7 Rf8 31. Ra4 Bc5 32. Ra5 Bd4 33. Rxe5 Bxe5 34. Bc5 Re8 35. Bc6 Rc8 36. Bb7 Rb8 37. Ba7 Re8 38. Bc6 1/2-1/2

[Event "Queima das Fitas op"]
[Site "Coimbra"]
[Date "2022.04.24"]
[Round "3"]
[White "Santiago Pereira, Miguel Angel"]
[Black "Oliveira, Sancho"]
[Result "0-1"]
[WhiteElo "1865"]
[BlackElo "2244"]
[PlyCount "74"]
[EventDate "2022.04.23"]
[EventType "swiss"]
[EventRounds "7"]
[EventCountry "POR"]
[SourceTitle "EXT 2023"]
[Source "ChessBase"]
[SourceDate "2022.10.05"]
[SourceVersion "1"]
[SourceVersionDate "2022.10.05"]
[SourceQuality "1"]

1. e4 c5 2. Nf3 d6 3. d4 cxd4 4. Nxd4 Nf6 5. Nc3 a6 6. Bg5 e6 7. Qf3 h6 8. Be3 Qc7 9. Bd3 Bd7 10. 0-0 Nc6 11. Nxc6 Bxc6 12. Qg3 0-0-0 13. f3 d5 14. Qf2 dxe4 15. Bb6 Qe5 16. Rfe1 Bd6 17. g3 Bc7 18. Bxc7 Kxc7 19. Nxe4 Qxb2 20. Nxf6 Qxf6 21. Kg2 g5 22. Rab1 Rd4 23. Be4 Bxe4 24. Rxe4 Rhd8 25. Re2 Qf5 26. Rb3 Qc5 27. Qe3 Rc4 28. Qc1 Rd7 29. Qb2 Kb8 30. Qh8+ Ka7 31. Qxh6 Rxc2 32. Rxc2 Qxc2+ 33. Kh3 Rd2 34. Qxg5 Rxh2+ 35. Kg4 f5+ 36. Kf4 Qc7+ 37. Ke3 Qc1+ 0-1

[Event "Famalicao op 8th"]
[Site "Vila Nova de Famalicao"]
[Date "2021.07.29"]
[Round "7"]
[White "Oliveira, Sancho"]
[Black "Borges, Guilherme Deola"]
[Result "0-1"]
[WhiteElo "2251"]
[BlackElo "2155"]
[PlyCount "136"]
[EventDate "2021.07.26"]
[EventType "swiss"]
[EventRounds "9"]
[EventCountry "POR"]
[SourceTitle "CBM 203 Extra"]
[Source "ChessBase"]
[SourceDate "2021.09.30"]
[SourceVersion "1"]
[SourceVersionDate "2021.09.30"]
[SourceQuality "1"]

1. e4 c5 2. Nf3 e6 3. d4 cxd4 4. Nxd4 Nc6 5. Nc3 Qc7 6. Be3 a6 7. Qd2 Nf6 8. 0-0-0 Bb4 9. f3 Ne5 10. Nb3 b5 11. Qe1 Be7 12. f4 Ng6 13. e5 Ng4 14. Ne4 Nxe3 15. Qxe3 0-0 16. h4 Bb7 17. Nd6 f6 18. h5 Nxf4 19. Qxf4 fxe5 20. Qxe5 Rf5 21. Qg3 Bg5+ 22. Kb1 Bf4 23. Qg4 Bxd6 24. Bd3 Rf6 25. Nd2 Raf8 26. Qh3 Be7 27. Ne4 Rf4 28. Qg3 d5 29. h6 g6 30. Ng5 Bxg5 31. Qxg5 e5 32. c3 e4 33. Bc2 R8f5 34. Qg3 Qe5 35. Qe3 Rf2 36. Qb6 Qe7 37. g4 Rf6 38. Qd4 e3 39. Bb3 e2 40. Bxd5+ Bxd5 41. Qxd5+ Kh8 42. Rde1 Rd6 43. Qa8+ Rd8 44. Qc6 Kg8 45. a4 bxa4 46. Qxa4 Qe6 47. Ka1 Qd5 48. Qa2 Kf7 49. Qxd5+ Rxd5 50. Ka2 Kf6 51. c4 Rd3 52. Rc1 Rdf3 53. Rhe1 Rf1 54. c5 Rxe1 55. Rxe1 Re3 56. Kb1 Kg5 57. c6 Re7 58. c7 Rxc7 59. Rxe2 Kxg4 60. Rg2+ Kh5 61. Rh2+ Kg5 62. b3 Kf4 63. Rf2+ Ke5 64. Rg2 Rc3 65. Re2+ Kf6 66. Kb2 Rh3 67. b4 Rxh6 68. Rc2 g5 0-1

[Event "Famalicao op 8th"]
[Site "Vila Nova de Famalicao"]
[Date "2021.07.26"]
[Round "2"]
[White "Andrade, Ricardo Sarmento"]
[Black "Oliveira, Sancho"]
[Result "0-1"]
[WhiteElo "1803"]
[BlackElo "2251"]
[PlyCount "74"]
[EventDate "2021.07.26"]
[EventType "swiss"]
[EventRounds "9"]
[EventCountry "POR"]
[SourceTitle "CBM 203 Extra"]
[Source "ChessBase"]
[SourceDate "2021.09.30"]
[SourceVersion "1"]
[SourceVersionDate "2021.09.30"]
[SourceQuality "1"]

1. d4 d5 2. Nf3 Nf6 3. c4 c6 4. cxd5 cxd5 5. Nc3 Nc6 6. Bf4 Bf5 7. e3 e6 8. Qb3 Bb4 9. Bb5 0-0 10. Bxc6 Bxc3+ 11. Qxc3 Rc8 12. Ne5 Ng4 13. Nxg4 Bxg4 14. Qa3 Rxc6 15. Qxa7 Qc8 16. 0-0 h6 17. Qa3 g5 18. Be5 f6 19. Bg3 h5 20. f4 h4 21. Be1 Bf5 22. fxg5 fxg5 23. Bc3 Qd7 24. Rac1 Rfc8 25. Bd2 Rc2 26. Rxc2 Rxc2 27. Rf2 Qc7 28. Qa5 b6 29. Qb4 Kh7 30. a4 g4 31. Rf4 Kg6 32. Be1 Rc1 33. Qd2 g3 34. Rxh4 Qc2 35. Rf4 Qc7 36. Rf3 Be4 37. Rf4 Bf5 0-1

[Event "FRA-chT1A 0809"]
[Site "France"]
[Date "2009.04.05"]
[Round "11.4"]
[White "Oliveira, Sancho"]
[Black "Touze, Jean Paul"]
[Result "1-0"]
[WhiteElo "2233"]
[BlackElo "2018"]
[PlyCount "71"]
[EventDate "2008.10.19"]
[EventType "team-tourn"]
[EventRounds "11"]
[EventCountry "FRA"]
[SourceTitle "EXT 2010"]
[Source "ChessBase"]
[SourceDate "2010.11.25"]
[SourceVersion "1"]
[SourceVersionDate "2010.11.25"]
[SourceQuality "1"]
[WhiteTeam "Nice"]
[BlackTeam "Belfort"]
[WhiteTeamCountry "FRA"]
[BlackTeamCountry "FRA"]

1. e4 g6 2. d4 Bg7 3. Nc3 c6 4. f4 d5 5. e5 h5 6. Nf3 Nh6 7. Be3 Nf5 8. Bf2 e6 9. Bd3 b5 10. 0-0 a5 11. h3 b4 12. Na4 Ba6 13. g4 Bxd3 14. cxd3 hxg4 15. hxg4 Ne7 16. Nc5 Nd7 17. Nb7 Qb6 18. Nd6+ Kf8 19. Ng5 Kg8 20. Ndxf7 Bh6 21. Nxh8 Bxg5 22. fxg5 Kxh8 23. Qf3 Kg7 24. Be3 Rf8 25. Qh3 Qd8 26. Qh6+ Kg8 27. Rf6 Rf7 28. Rxf7 Kxf7 29. Qh7+ Ke8 30. Rf1 Nb6 31. Qf7+ Kd7 32. Rf6 Nbc8 33. Rxg6 Kc7 34. Rxe6 c5 35. g6 cxd4 36. Bg5 1-0

[Event "FRA-chT1A 0809"]
[Site "France"]
[Date "2009.03.15"]
[Round "9.4"]
[White "Sermier, Guillaume"]
[Black "Oliveira, Sancho"]
[Result "1-0"]
[WhiteElo "2382"]
[BlackElo "2233"]
[PlyCount "75"]
[EventDate "2008.10.19"]
[EventType "team-tourn"]
[EventRounds "11"]
[EventCountry "FRA"]
[SourceTitle "EXT 2010"]
[Source "ChessBase"]
[SourceDate "2010.11.25"]
[SourceVersion "1"]
[SourceVersionDate "2010.11.25"]
[SourceQuality "1"]
[WhiteTeam "Besancon TPG"]
[BlackTeam "Nice"]
[WhiteTeamCountry "FRA"]
[BlackTeamCountry "FRA"]

1. e4 c5 2. Nf3 d6 3. d4 cxd4 4. Nxd4 Nf6 5. Nc3 a6 6. Bg5 e6 7. f4 Qb6 8. Nb3 Be7 9. Qf3 Nbd7 10. 0-0-0 Qc7 11. Bd3 b5 12. Rhe1 Bb7 13. Bxf6 Nxf6 14. g4 b4 15. Ne2 e5 16. Ng3 g6 17. fxe5 dxe5 18. Rf1 0-0 19. g5 Ne8 20. h4 Nd6 21. Qe3 Rfc8 22. Nd2 a5 23. h5 Ba6 24. hxg6 fxg6 25. Kb1 a4 26. Nf5 gxf5 27. exf5 Qc5 28. Qh3 Bxd3 29. Qxd3 Qd4 30. Qxd4 exd4 31. f6 Bf8 32. Rf4 Nb5 33. Nf3 Bc5 34. g6 hxg6 35. Rg1 Kf7 36. Re1 Bd6 37. Ng5+ Kf8 38. Rh4 1-0

[Event "FRA-chT1A 0809"]
[Site "France"]
[Date "2008.11.08"]
[Round "2.3"]
[White "Oliveira, Sancho"]
[Black "Van Elst, Andreas"]
[Result "1-0"]
[WhiteElo "2233"]
[BlackElo "2317"]
[PlyCount "85"]
[EventDate "2008.10.19"]
[EventType "team-tourn"]
[EventRounds "11"]
[EventCountry "FRA"]
[SourceTitle "EXT 2010"]
[Source "ChessBase"]
[SourceDate "2010.11.25"]
[SourceVersion "1"]
[SourceVersionDate "2010.11.25"]
[SourceQuality "1"]
[WhiteTeam "Nice"]
[BlackTeam "Toulouse"]
[WhiteTeamCountry "FRA"]
[BlackTeamCountry "FRA"]

1. e4 c5 2. Nf3 e6 3. d4 cxd4 4. Nxd4 a6 5. Bd3 Nf6 6. 0-0 Qc7 7. Qe2 d6 8. c4 g6 9. Rd1 Bg7 10. Bc2 0-0 11. Nf3 Nc6 12. Bf4 e5 13. Be3 Bg4 14. Nc3 Nd4 15. Bxd4 exd4 16. Rxd4 Nd7 17. Rd2 Bxc3 18. bxc3 Ne5 19. Bb3 Rac8 20. Qe3 Nxc4 21. Bxc4 Qxc4 22. Rd3 Bxf3 23. gxf3 Rc6 24. Rb1 b5 25. Qd2 Qe6 26. Rd1 Rd8 27. Qg5 Rdc8 28. Qg3 Qxa2 29. Rxd6 Rxd6 30. Qxd6 Qc2 31. Kg2 Qxc3 32. Qxa6 b4 33. Rd3 Qc2 34. e5 Re8 35. Qb5 Re6 36. Rd8+ Kg7 37. Qxb4 Kh6 38. Qf8+ Kg5 39. Qxf7 Qf5 40. h4+ Kxh4 41. Qxh7+ Qh5 42. Rd4+ Kg5 43. Rg4+ 1-0

[Event "Cannes op 20th"]
[Site "Cannes"]
[Date "2008.07.30"]
[Round "4"]
[White "Sulava, Nenad"]
[Black "Oliveira, Sancho"]
[Result "1-0"]
[WhiteElo "2492"]
[BlackElo "2222"]
[PlyCount "73"]
[EventDate "2008.07.28"]
[EventType "swiss"]
[EventRounds "9"]
[EventCountry "FRA"]
[SourceTitle "CBM 125 Extra"]
[Source "ChessBase"]
[SourceDate "2008.09.01"]
[SourceVersion "1"]
[SourceVersionDate "2008.09.01"]
[SourceQuality "1"]

1. c4 c6 2. e4 c5 3. Nf3 Nc6 4. d4 cxd4 5. Nxd4 g6 6. Nc3 Bg7 7. Be3 d6 8. Be2 Nf6 9. 0-0 0-0 10. Qd2 Ng4 11. Bxg4 Bxg4 12. Nxc6 bxc6 13. Bh6 Be6 14. b3 Bxh6 15. Qxh6 Qa5 16. Rac1 f6 17. f4 Qc5+ 18. Kh1 Qe3 19. Rfe1 Qd2 20. Red1 Qe3 21. Re1 Qd2 22. Ne2 Bg4 23. Ng1 Rad8 24. Qh4 Bc8 25. Qg3 e5 26. f5 g5 27. Rcd1 Qf4 28. Qc3 d5 29. Qa5 d4 30. Qxa7 Bxf5 31. exf5 Ra8 32. Qd7 Rxa2 33. Qxc6 Qxf5 34. Qd5+ Kg7 35. Rxd4 Qc2 36. Qb7+ Kh6 37. Rd7 1-0

[Event "FRA-chT2 South 0708"]
[Site "France"]
[Date "2008.04.05"]
[Round "10.4"]
[White "Oliveira, Sancho"]
[Black "Gachon, Lionel"]
[Result "1/2-1/2"]
[WhiteElo "2214"]
[BlackElo "2284"]
[PlyCount "76"]
[EventDate "2007.10.21"]
[EventType "team"]
[EventRounds "11"]
[EventCountry "FRA"]
[SourceTitle "EXT 2009"]
[Source "ChessBase"]
[SourceDate "2008.11.26"]
[SourceVersion "1"]
[SourceVersionDate "2008.11.26"]
[SourceQuality "1"]
[WhiteTeam "Nice"]
[BlackTeam "Ramonville"]
[WhiteTeamCountry "FRA"]
[BlackTeamCountry "FRA"]

1. e4 g6 2. d4 Bg7 3. Nc3 d6 4. f4 e6 5. Nf3 Ne7 6. Bd3 a6 7. Be3 0-0 8. Qd2 b5 9. g4 Bb7 10. 0-0-0 Nd7 11. h4 b4 12. h5 bxc3 13. Qh2 g5 14. fxg5 c5 15. g6 Qa5 16. h6 Bxd4 17. gxh7+ Kh8 18. Nxd4 cxb2+ 19. Kb1 cxd4 20. Qxd6 dxe3 21. Qxd7 Qb4 22. c3 Qxc3 23. Qxe7 e2 24. Rd2 Rac8 25. Rc2 Qd4 26. Re1 Bxe4 27. Bxe4 Qd1+ 28. Kxb2 Rb8+ 29. Ka3 Qd4 30. Qc5 Qxe4 31. Rexe2 Qxh7 32. g5 Qd3+ 33. Qc3+ Qxc3+ 34. Rxc3 Rb5 35. g6 fxg6 36. Rxe6 Ra5+ 37. Kb4 Rb5+ 38. Ka3 Ra5+ 1/2-1/2

[Event "FRA-chT2 South 0708"]
[Site "France"]
[Date "2008.03.15"]
[Round "8.4"]
[White "Oliveira, Sancho"]
[Black "Blanc, Sebastien"]
[Result "0-1"]
[WhiteElo "2207"]
[BlackElo "2134"]
[PlyCount "80"]
[EventDate "2007.10.21"]
[EventType "team"]
[EventRounds "11"]
[EventCountry "FRA"]
[SourceTitle "EXT 2009"]
[Source "ChessBase"]
[SourceDate "2008.11.26"]
[SourceVersion "1"]
[SourceVersionDate "2008.11.26"]
[SourceQuality "1"]
[WhiteTeam "Nice"]
[BlackTeam "Chamalieres"]
[WhiteTeamCountry "FRA"]
[BlackTeamCountry "FRA"]

1. e4 e6 2. d4 d5 3. Nc3 Bb4 4. e5 c5 5. a3 Bxc3+ 6. bxc3 Qc7 7. Qg4 f5 8. Qh5+ Qf7 9. Qd1 b6 10. a4 Ba6 11. Bb5+ Bxb5 12. axb5 Nd7 13. h4 Ne7 14. Nh3 h6 15. h5 0-0 16. Nf4 Rfc8 17. 0-0 Nf8 18. Ba3 Rc7 19. Qe2 Rac8 20. dxc5 bxc5 21. c4 dxc4 22. Qxc4 Nd5 23. Rfd1 Nxf4 24. Qxf4 Qxh5 25. Rd6 Qe2 26. Rad1 Qxc2 27. R1d3 Qb1+ 28. Kh2 Qxb5 29. Bc1 Qb4 30. Qg3 Kh8 31. f3 c4 32. Ba3 Qa5 33. Re3 c3 34. Bc1 c2 35. Red3 Qa1 36. Qe1 Kg8 37. g4 fxg4 38. fxg4 Rc5 39. Kh3 Qxe5 40. Qf2 Rc3 0-1

[Event "FRA-chT2 South 0708"]
[Site "France"]
[Date "2007.12.16"]
[Round "4.5"]
[White "Oliveira, Sancho"]
[Black "Hamdouchi, Adina Maria"]
[Result "1/2-1/2"]
[WhiteElo "2212"]
[BlackElo "2306"]
[PlyCount "120"]
[EventDate "2007.10.21"]
[EventType "team"]
[EventRounds "11"]
[EventCountry "FRA"]
[SourceTitle "EXT 2009"]
[Source "ChessBase"]
[SourceDate "2008.11.26"]
[SourceVersion "1"]
[SourceVersionDate "2008.11.26"]
[SourceQuality "1"]
[WhiteTeam "Nice"]
[BlackTeam "Montpellier II"]
[WhiteTeamCountry "FRA"]
[BlackTeamCountry "FRA"]

1. e4 g6 2. d4 Bg7 3. Nc3 c6 4. f4 d5 5. e5 Nh6 6. Nf3 Bg4 7. Be2 f6 8. Be3 0-0 9. 0-0 Nd7 10. h3 Bxf3 11. Bxf3 e6 12. Ne2 fxe5 13. fxe5 Nf5 14. Bf2 c5 15. c3 Bh6 16. Bg4 cxd4 17. cxd4 Rc8 18. Qd3 Qc7 19. Nc3 Qc4 20. Rad1 a6 21. Bf3 Nb6 22. g4 Ne7 23. Bh4 Qxd3 24. Rxd3 g5 25. Bg3 Ng6 26. Be2 Rxf1+ 27. Kxf1 Bf8 28. Bf3 Ne7 29. Be1 Nc6 30. b3 Nb4 31. Rd1 Nc2 32. Rc1 Nxd4 33. Bg2 Nd7 34. Bd2 Nxe5 35. Nxd5 Nec6 36. Nf6+ Kg7 37. Bxg5 Ba3 38. Re1 Rf8 39. Bxc6 Nxc6 40. Kg2 Rxf6 41. Bxf6+ Kxf6 42. Rd1 b5 43. Rd7 Be7 44. g5+ Kf7 45. h4 a5 46. Rb7 b4 47. Kf3 Ke8 48. Ke4 Nd8 49. Ra7 Nc6 50. Rc7 Nd8 51. Ra7 Nc6 52. Ra8+ Nd8 53. Rxa5 Kf7 54. Ra7 Kf8 55. Rc7 Nf7 56. Rc8+ Kg7 57. Kf3 Ne5+ 58. Ke4 Nf7 59. Kf3 Ne5+ 60. Ke4 Nf7 1/2-1/2

[Event "FRA-ch Accession"]
[Site "Besancon"]
[Date "2006.08.24"]
[Round "9"]
[White "Oliveira, Sancho"]
[Black "Marie, Maxime"]
[Result "1/2-1/2"]
[WhiteElo "2172"]
[BlackElo "2165"]
[PlyCount "137"]
[EventDate "2006.08.15"]
[EventType "swiss"]
[EventRounds "10"]
[EventCountry "FRA"]
[SourceTitle "CBM 113 Extra"]
[Source "ChessBase"]
[SourceDate "2006.09.14"]
[SourceVersion "1"]
[SourceVersionDate "2006.09.14"]
[SourceQuality "1"]

1. e4 c5 2. Nf3 Nc6 3. d4 cxd4 4. Nxd4 Nf6 5. Nc3 e5 6. Ndb5 d6 7. Bg5 a6 8. Na3 b5 9. Bxf6 gxf6 10. Nd5 Bg7 11. c3 f5 12. exf5 Bxf5 13. Nc2 0-0 14. Nce3 Bg6 15. a4 bxa4 16. h4 h6 17. h5 Bh7 18. Rxa4 a5 19. Bb5 Ne7 20. Bd3 f5 21. Nxe7+ Qxe7 22. Bxf5 Bxf5 23. Nxf5 Qf7 24. g4 Rab8 25. 0-0 Qe6 26. Qxd6 Qxd6 27. Nxd6 Rxb2 28. Rxa5 Rf3 29. Ne4 Re2 30. Ra4 Bf8 31. Rc4 Be7 32. Ng3 Rc2 33. Kg2 Rfxc3 34. Rxc3 Rxc3 35. Re1 Rc5 36. Re2 Bg5 37. Ne4 Rc4 38. f3 Bf4 39. Ra2 Rc6 40. Kf2 Rb6 41. Ke2 Kf7 42. Ra3 Rb8 43. Kd3 Rd8+ 44. Kc4 Rd4+ 45. Kc5 Rd1 46. Kc6 Ke6 47. Nc5+ Kf6 48. Rd3 Rc1 49. Kd5 Kg5 50. Ne6+ Kh4 51. Nxf4 exf4 52. Ke4 Kg3 53. Rd6 Rc4+ 54. Kd3 Rc5 55. Rxh6 Kxf3 56. Rg6 Rc1 57. g5 Rd1+ 58. Kc2 Rh1 59. h6 Kg4 60. Kd2 f3 61. Ke3 Re1+ 62. Kf2 Re2+ 63. Kf1 Rh2 64. Kg1 Kg3 65. Rf6 Ra2 66. Rxf3+ Kxf3 67. h7 Ra1+ 68. Kh2 Ra2+ 69. Kg1 1/2-1/2

[Event "FRA-ch Accession"]
[Site "Besancon"]
[Date "2006.08.21"]
[Round "6"]
[White "Barj, Julien"]
[Black "Oliveira, Sancho"]
[Result "0-1"]
[WhiteElo "2135"]
[BlackElo "2172"]
[PlyCount "72"]
[EventDate "2006.08.15"]
[EventType "swiss"]
[EventRounds "10"]
[EventCountry "FRA"]
[SourceTitle "CBM 113 Extra"]
[Source "ChessBase"]
[SourceDate "2006.09.14"]
[SourceVersion "1"]
[SourceVersionDate "2006.09.14"]
[SourceQuality "1"]

1. e4 d6 2. d4 Nf6 3. Nc3 g6 4. f4 Bg7 5. Nf3 0-0 6. Bd3 Na6 7. 0-0 c5 8. d5 Bg4 9. h3 Bxf3 10. Rxf3 Rb8 11. a4 Nc7 12. Bc4 a6 13. a5 b5 14. axb6 Rxb6 15. Qd3 e6 16. Na4 exd5 17. exd5 Rb8 18. Bd2 Nb5 19. c3 Qc7 20. Re1 Qb7 21. Ba2 Qd7 22. b3 Qb7 23. Rf2 Rfe8 24. Rxe8+ Rxe8 25. Re2 Rxe2 26. Qxe2 Qxd5 27. c4 Nd4 28. cxd5 Nxe2+ 29. Kf2 Nd4 30. b4 Ne4+ 31. Ke3 Nxd2 32. bxc5 Nf1+ 33. Kf2 dxc5 34. Kxf1 Bf8 35. Bc4 a5 36. Nc3 Kg7 0-1

[Event "FRA-ch Accession"]
[Site "Besancon"]
[Date "2006.08.16"]
[Round "2"]
[White "Delorme, Laurie"]
[Black "Oliveira, Sancho"]
[Result "1/2-1/2"]
[WhiteElo "2068"]
[BlackElo "2172"]
[PlyCount "115"]
[EventDate "2006.08.15"]
[EventType "swiss"]
[EventRounds "10"]
[EventCountry "FRA"]
[SourceTitle "CBM 113 Extra"]
[Source "ChessBase"]
[SourceDate "2006.09.14"]
[SourceVersion "1"]
[SourceVersionDate "2006.09.14"]
[SourceQuality "1"]

1. e4 c5 2. Ne2 Nc6 3. d4 cxd4 4. Nxd4 Nf6 5. Nc3 e5 6. Ndb5 d6 7. Bg5 a6 8. Na3 Be6 9. Be2 Be7 10. Bxf6 Bxf6 11. 0-0 b5 12. Nd5 0-0 13. c4 b4 14. Nc2 Rb8 15. b3 Bg5 16. Qd3 f5 17. Bf3 g6 18. Rad1 Qd7 19. Nde3 Bxe3 20. Qxe3 f4 21. Qd2 Rfd8 22. Qe2 Qc7 23. Bg4 Bf7 24. Rd3 Rb6 25. Rfd1 a5 26. Qd2 Nb8 27. a3 Na6 28. axb4 axb4 29. g3 Nc5 30. gxf4 Nxd3 31. Qxd3 exf4 32. Qd2 Qc5 33. Qxf4 Rf8 34. Qg3 Ra6 35. Ne3 Rfa8 36. Nd5 Ra1 37. Rxa1 Rxa1+ 38. Kg2 Bxd5 39. exd5 Ra7 40. Be6+ Kg7 41. h4 Ra8 42. Qg5 Qc7 43. h5 Rf8 44. h6+ Kh8 45. Qd2 Qe7 46. Qxb4 Qg5+ 47. Kf1 Qe3 48. Qe1 Qxh6 49. Qc3+ Qg7 50. Qg3 Qf6 51. b4 Qa1+ 52. Kg2 Qd4 53. c5 Qc4 54. f3 Qxb4 55. c6 Qd2+ 56. Qf2 Qg5+ 57. Qg3 Qd2+ 58. Qf2 1/2-1/2

[Event "FRA-ch U20"]
[Site "Aix les Bains"]
[Date "2006.04.??"]
[Round "6"]
[White "Oliveira, Sancho"]
[Black "Gregoire, Sylvain"]
[Result "0-1"]
[WhiteElo "2143"]
[BlackElo "2268"]
[PlyCount "74"]
[EventDate "2006.04.??"]
[EventType "swiss"]
[EventRounds "8"]
[EventCountry "FRA"]
[SourceTitle "EXT 2007"]
[Source "ChessBase"]
[SourceDate "2006.11.23"]
[SourceVersion "1"]
[SourceVersionDate "2006.11.23"]
[SourceQuality "1"]

1. e4 c5 2. Nf3 Nc6 3. d4 cxd4 4. Nxd4 e5 5. Nb5 d6 6. N1c3 a6 7. Na3 b5 8. Nd5 Nf6 9. c4 Nd4 10. cxb5 Nxd5 11. exd5 Be7 12. Bc4 0-0 13. 0-0 f5 14. bxa6 f4 15. f3 Qe8 16. Nc2 Bd8 17. Nxd4 Bb6 18. Be3 fxe3 19. Ne2 Qh5 20. Qe1 Rf6 21. Rc1 Rh6 22. h4 g5 23. Bd3 Bd7 24. Qg3 Qxh4 25. Qxh4 Rxh4 26. a3 Rf8 27. g3 Rh5 28. g4 Rh4 29. Kg2 h5 30. Bf5 Bb5 31. Rfe1 Kg7 32. Nc3 hxg4 33. fxg4 Bxa6 34. Ne4 Bb7 35. Be6 Rfh8 36. Nxg5 Rh2+ 37. Kg3 Kg6 0-1

[Event "Nice op 21st"]
[Site "Nice"]
[Date "2005.08.02"]
[Round "2"]
[White "Oliveira, Sancho"]
[Black "Mrdja, Milan"]
[Result "1-0"]
[WhiteElo "2102"]
[BlackElo "2352"]
[PlyCount "95"]
[EventDate "2005.08.01"]
[EventType "swiss"]
[EventRounds "7"]
[EventCountry "FRA"]
[SourceTitle "CBM 107 Extra"]
[Source "ChessBase"]
[SourceDate "2005.09.01"]
[SourceVersion "1"]
[SourceVersionDate "2005.09.01"]
[SourceQuality "1"]

1. e4 Nf6 2. e5 Nd5 3. d4 d6 4. c4 Nb6 5. exd6 cxd6 6. Nc3 g6 7. Be3 Bg7 8. Rc1 0-0 9. b3 Nc6 10. d5 Ne5 11. Be2 f5 12. f4 Ng4 13. Bd4 Bh6 14. Qd2 Nd7 15. Nf3 Nc5 16. 0-0 Bd7 17. b4 e5 18. Nxe5 Nxh2 19. Kxh2 Ne4 20. Qe1 dxe5 21. Bxe5 Re8 22. Nxe4 fxe4 23. c5 a6 24. Bc4 Bb5 25. Qxe4 Qh4+ 26. Kg1 Rxe5 27. Qxe5 Bg7 28. Qe6+ Kh8 29. Qh3 Qf6 30. Bxb5 axb5 31. Qd3 Qh4 32. Rce1 Bf6 33. a3 g5 34. Qh3 Bd4+ 35. Kh1 Rxa3 36. Qxh4 gxh4 37. d6 Bf6 38. Re6 Kg7 39. Rxf6 Kxf6 40. Rd1 Ra8 41. Kh2 Kf5 42. Kh3 Kxf4 43. Kxh4 Ke5 44. d7 Rd8 45. Rd6 b6 46. Rxb6 Rxd7 47. Rxb5 Kd5 48. g4 1-0

[Event "FRA-chT2 0405"]
[Site "France"]
[Date "2005.04.02"]
[Round "10.4"]
[White "Oliveira, Sancho"]
[Black "Rauzieres, William"]
[Result "1-0"]
[WhiteElo "2069"]
[BlackElo "2080"]
[PlyCount "51"]
[EventDate "2004.10.10"]
[EventType "team"]
[EventRounds "11"]
[EventCountry "FRA"]
[SourceTitle "EXT 2006"]
[Source "ChessBase"]
[SourceDate "2005.11.24"]
[SourceVersion "1"]
[SourceVersionDate "2005.11.24"]
[SourceQuality "1"]

1. e4 c5 2. Nf3 d6 3. d4 cxd4 4. Nxd4 Nf6 5. Nc3 a6 6. Bg5 e6 7. f4 Qc7 8. Bxf6 gxf6 9. Qd2 Nc6 10. 0-0-0 h5 11. Kb1 b5 12. Nxc6 Qxc6 13. Bd3 Rb8 14. e5 d5 15. Ne4 f5 16. Nf6+ Ke7 17. Bxf5 exf5 18. Nxd5+ Ke6 19. Nb4 Bxb4 20. Qxb4 a5 21. Rd6+ Ke7 22. Qe1 Qc7 23. Qh4+ Ke8 24. Qf6 Rf8 25. Rhd1 Bb7 26. Rd7 1-0

[Event "FRA-chT2 0405"]
[Site "France"]
[Date "2005.01.09"]
[Round "6.8"]
[White "Pech, Gilles"]
[Black "Oliveira, Sancho"]
[Result "0-1"]
[WhiteElo "2061"]
[BlackElo "2069"]
[PlyCount "80"]
[EventDate "2004.10.10"]
[EventType "team"]
[EventRounds "11"]
[EventCountry "FRA"]
[SourceTitle "EXT 2006"]
[Source "ChessBase"]
[SourceDate "2005.11.24"]
[SourceVersion "1"]
[SourceVersionDate "2005.11.24"]
[SourceQuality "1"]

1. d4 d5 2. c4 c6 3. Nc3 Nf6 4. Bg5 dxc4 5. Bxf6 exf6 6. e3 Be6 7. Nf3 Bb4 8. Nd2 b5 9. a4 0-0 10. axb5 Bxc3 11. bxc3 cxb5 12. Qf3 Nd7 13. Be2 f5 14. 0-0 Nb6 15. Qb7 Qd5 16. Bf3 Qxb7 17. Bxb7 Rab8 18. Rxa7 Bd5 19. Bxd5 Nxd5 20. Rc1 Ra8 21. Rd7 Rfd8 22. Rxd8+ Rxd8 23. g3 Ra8 24. e4 fxe4 25. Nxe4 Ra3 26. Rb1 Rb3 27. Ra1 h6 28. Ra8+ Kh7 29. Rb8 f5 30. Nd6 Nxc3 31. Nxf5 Rb1+ 32. Kg2 Nd5 33. h4 h5 34. Rb7 Kg6 35. Ne7+ Nxe7 36. Rxe7 c3 37. Rc7 b4 38. d5 Rd1 39. Rb7 c2 40. Rxb4 c1Q 0-1